000 00227nam a2200097Ia 4500
005 20251222114409.0
008 251222s1900||||xx |||||||||||||| ||spa||
082 _aDVD0070/H41/1995/Ej.2
245 0 _aProfesor Holland:
942 _cDVD
999 _c1950
_d1950